Biggest Social Media Platforms - Statistics

General Stats
  • This quiz has been taken 28 times
  • The average score is 7 of 17
Answer Stats
Hint Answer % Correct
2,910 Facebook
100%
1,478 Instagram
100%
436 Twitter
91%
1,000 TikTok
86%
557 Snapchat
82%
2,562 YouTube
68%
2,000 WhatsApp
59%
988 Facebook Messenger
41%
430 Reddit
36%
444 Pinterest
18%
550 Telegram
18%
300 Quora
9%
1,263 WeChat/Weixin
9%
600 Douyin
0%
573 Kuaishou
0%
574 QQ
0%
573 Sina Weibo
0%
No matching quizzes found
Score Distribution
Percent of People with Each Score
Percentile by Number Answered
Your Score History
You have not taken this quiz